000 00965nam a2200265Ia 4500
003 OSt
005 20221005104132.0
006 a|||||r|||| 00| 0
007 ta
008 221004b |||||||| |||| 00| 0 san d
020 _a9789383636037 (pbk)
_c50
024 _a21931
037 _b63, 27/01/2015, Motilal Banarsidass Publishers Pvt. Ltd.
_cTextual
040 _aCRL
_cCRL
_bsan
041 _2san
_asan
082 _aP15:3, Q3
100 _aवेदालंकार, सुभाष
245 0 _aवदतु संस्कृतम्
246 _aVadatu sanskṛutam
260 _aदिल्ली
_bदिल्ली संस्कृत अकादमी भारत
_c2013
300 _a50पृ0
_ccm.
650 _aहिन्दी भाषा
942 _hP15:3, Q3
_cTEXL
_2cc
999 _c1011826
_d1011826